000 00264nam a22001217a 4500
040 _cSCME
100 _aMartin ,Crawford
_9113250
245 _aPlastic engineering
250 _a4th.
260 _aU.S
_bMatthew deans
_c2020
300 _a594p.
942 _2ddc
_cBK
999 _c595002
_d595002